[Event "Padova op-B 3rd"]
[Site "Padova"]
[Date "2000.12.03"]
[Round "2.30"]
[White "Pomaro, Stefano"]
[Black "Zannol, Roberto"]
[Result "1-0"]
[WhiteElo "1563"]
[BlackElo "1500"]
[PlyCount "77"]
[EventDate "2000.12.02"]
[EventType "swiss"]
[EventRounds "6"]
[EventCountry "ITA"]
[SourceTitle "EXT 2024"]
[Source "ChessBase"]
[SourceDate "2023.10.10"]
[SourceVersion "1"]
[SourceVersionDate "2023.10.10"]
[SourceQuality "1"]

1. e4 e5 2. Nf3 Nf6 3. Nc3 Bb4 4. Bc4 d6 5. d3 0-0 6. 0-0 a6 7. Ne2 Bg4 8. Ng3 Nc6 9. c3 Bc5 10. b4 Ba7 11. a4 Qe7 12. Be3 Be6 13. Bxe6 fxe6 14. Bxa7 Rxa7 15. Re1 Raa8 16. Qb3 Nd8 17. d4 exd4 18. cxd4 Kh8 19. e5 Nd5 20. exd6 Qxd6 21. b5 Qb6 22. Ne5 Qxd4 23. Rad1 Qxf2+ 24. Kh1 Nf4 25. Rg1 Qa7 26. Rd7 Qc5 27. Qb2 Rg8 28. Ne4 Qe3 29. Ng5 h6 30. Ng4 Nd3 31. Qc2 Qxg5 32. Qxd3 Qxg4 33. Rd1 Qg5 34. Rxc7 axb5 35. axb5 Qd5 36. Qb1 Qf5 37. Qc1 Qxb5 38. Rdd7 Qe5 39. Qxh6+ 1-0